000 00334nam a2200145Ia 4500
005 20251222152658.0
008 251222s9999||||xx |||||||||||||| ||spa||
020 _a8401490693
082 _a863.643/V35
100 _aVázquez Figueroa, Alberto
245 0 _aManaos
250 _a10ma.ed.
264 _bPlaza & Janés
942 _cLIB
999 _c28728
_d28728